| 000 | 00920nam a2200253Ia 4500 | ||
|---|---|---|---|
| 003 | OSt | ||
| 005 | 20220925195224.0 | ||
| 006 | a|||||r|||| 00| 0 | ||
| 007 | ta | ||
| 008 | 220923b |||||||| |||| 00| 0 eng d | ||
| 020 |
_a9781848440463 _c4358.2299999999996 |
||
| 037 |
_b242, 16/03/2009, PIONEER BOOK DISTRIBUTORS _cGeneral Book |
||
| 040 |
_aRTL _cRTL _beng |
||
| 041 |
_2eng _aeng |
||
| 082 | _aX:72, P8 | ||
| 100 |
_aFarmer Roger EA Ed. _9253858 |
||
| 245 | 0 |
_aMacroeconomics in the small and the large _b Essays on microfoundations, macroeconomic applications and economic history of honour of Axel leijonhufvud |
|
| 260 |
_aCheltenham _bEdward Elgar _c2008 |
||
| 300 |
_axiii, 192p. _ccm. |
||
| 500 | _aBibliography: Chapterwise | ||
| 650 | _aEconomics | ||
| 942 |
_hX:72, P8 _cGB _2CC |
||
| 999 |
_c532266 _d532266 |
||